| Tag |
First Indicator |
Second Indicator |
Subfields |
| LEADER |
00000cam a2200000 a 4500 |
| 001 |
in00001404905 |
| 005 |
20151020064045.0 |
| 008 |
960814s1997 nyu c 001 0 eng |
| 010 |
|
|
|a 96038480
|
| 020 |
|
|
|a 0525675515 (alk. paper)
|
| 035 |
|
|
|a (OCoLC)35360657
|
| 035 |
|
|
|9 AHP4413AM
|
| 040 |
|
|
|a DLC
|c DLC
|d TXA
|d UtOrBLW
|
| 049 |
|
|
|a TXAM
|
| 050 |
0 |
0 |
|a CB161
|b .M669 1997
|
| 082 |
0 |
0 |
|a 303.49/09/05
|2 20
|
| 100 |
1 |
|
|a Morgan, Rowland.
|
| 245 |
1 |
0 |
|a In the next three seconds /
|c by Rowland Morgan ; illustrated by Rod and Kira Josey.
|
| 250 |
|
|
|a 1st American ed.
|
| 264 |
|
1 |
|a New York :
|b Lodestar Books,
|c [1997]
|
| 264 |
|
4 |
|c ©1997
|
| 300 |
|
|
|a 32 pages :
|b color illustrations ;
|c 36 cm.
|
| 336 |
|
|
|a text
|b txt
|2 rdacontent
|
| 337 |
|
|
|a unmediated
|b n
|2 rdamedia
|
| 338 |
|
|
|a volume
|b nc
|2 rdacarrier
|
| 500 |
|
|
|a Includes index.
|
| 520 |
|
|
|a Predicts events that will occur in the near and distant future, including "In the next three months, 1,000 households in Zimbabwe will be hooked up to solar electricity."
|
| 650 |
|
0 |
|a Forecasting
|x Juvenile literature.
|
| 650 |
|
1 |
|a Forecasting.
|
| 700 |
1 |
|
|a Josey, Rod.
|
| 700 |
1 |
|
|a Josey, Kira.
|
| 948 |
|
|
|a c:jh
|
| 999 |
|
|
|a MARS
|
| 999 |
f |
f |
|s ef09b332-4318-3e3a-b4c4-58b976d92bdd
|i aebffe6e-8479-34af-bd2d-d0defad37f6d
|t 0
|
| 952 |
f |
f |
|p ric
|a Texas A&M University
|b Rellis Campus
|c Joint Library Facility
|d Remote Storage
|t 0
|e CB161 .M669 1997
|f Oversize
|h Library of Congress classification
|i unmediated -- volume
|m A14823551425
|
| 998 |
f |
f |
|a CB161 .M669 1997
|t 0
|l Remote Storage
|